Statistics for Friend Lyrics

Click here to take the quiz!

General Stats

  • This quiz has been taken 3 times
  • The average score is 247 of 319

Answer Stats

HintAnswer% Correct
a
100%
and
100%
be
100%
I
100%
(I
100%
i'll
100%
me
100%
no
100%
so
100%
that
100%
the
100%
think
100%
this)
100%
this
100%
to
100%
you
100%
BridgeYou
100%
your
100%
again
67%
all
67%
believe
67%
best
67%
bit)
67%
bit
67%
but
67%
can
67%
can't
67%
care)
67%
care
67%
'cause
67%
closure
67%
could
67%
cut
67%
didn't
67%
different
67%
doin'
67%
don't
67%
ever
67%
feel
67%
feelin'
67%
feeling
67%
fine
67%
friend
67%
funny
67%
go
67%
got
67%
(guess
67%
guess
67%
had
67%
hate
67%
hear
67%
how
67%
i'd
67%
if
67%
Verse 2I'm
67%
i'm
67%
it
67%
it's
67%
just
67%
keep
67%
(killing
67%
killing
67%
know
67%
leave
67%
leavin'
67%
left
67%
let
67%
like
67%
little
67%
love
67%
missin'
67%
my
67%
never
67%
now
67%
of
67%
old
67%
one
67%
only
67%
pickin'
67%
Verse 1Pictures
67%
pieces
67%
problem
67%
see
67%
should
67%
should've
67%
still
67%
sure
67%
talk
67%
things
67%
thought
67%
ties
67%
t-shirt
67%
up
67%
wanna
67%
wanted
67%
way
67%
we
67%
what
67%
would
67%
you're
67%
'em
33%
friends
33%
older
33%
us
33%

Score Distribution

Percentile by Number Answered

Percent of People with Each Score

Your Score History

You have not taken this quiz